| 000 | 00512nam a22001937a 4500 | ||
|---|---|---|---|
| 003 | MPLRDC | ||
| 005 | 20220104143431.0 | ||
| 008 | 210129b ||||| |||| 00| 0 eng d | ||
| 020 | _a7-5427-0200-9 | ||
| 082 | _a446.07 SHGC | ||
| 100 | _a上海市工程图学会编写组编著 | ||
| 245 |
_a速成机械识图自学读本 _c |
||
| 250 | _a二版三刷 | ||
| 260 |
_a _b上海科学普及出版社 _c1992 |
||
| 300 | _b平 | ||
| 490 | _a青年自学技术丛书 | ||
| 650 | _a | ||
| 942 |
_cBK _o446.07 SHGC |
||
| 999 |
_c39866 _d39856 |
||